000 00815cab a2200301 4500
001 WB3328-29
008 090401t1997 xxu||||| |||| 00| 0 eng d
035 _a(Sirsi) u79628
041 _aeng
245 _aLabour`s model council houses
260 _c1997
350 _a0
490 _aIndependent
_v14 July 1997, 8(1)
520 _aLabour`s plans for future council houses include large south-facing windows and `passive` solar heating.
650 _aCOSTS
650 _aENERGY CONSERVATION
650 _aENERGY USE
650 _aHEATING
650 _aHULME ESTATE
650 _aLABOUR GOVERNMENT
650 _aNEW HOUSING
650 _aPASSIVE SOLAR HEATING
650 _aSOCIAL HOUSING
650 _aSOLAR HEATING
690 _aHOUSING-DEVELOPMENT
942 _n0
948 _c15/07/1997
999 _c50076
_d50076